| 000 | 00544nam a22001817a 4500 | ||
|---|---|---|---|
| 005 | 20240503145304.0 | ||
| 008 | 240503b |||||||| |||| 00| 0 eng d | ||
| 041 | _aeng | ||
| 082 |
_21st _a610 GUP BV0836 _bGUP |
||
| 100 |
_aGupta V B Ed. _9204902 |
||
| 245 | _aInventy Impact: Advanced Nursing Vol: 23 Issue: 1-4, 2023 | ||
| 250 | _a1st | ||
| 260 |
_aBhopal _bInventi Journals _c2023 |
||
| 300 |
_a288p _bHb _c30X21cm |
||
| 365 |
_aRupaye _b3360.00 _cINR |
||
| 521 | _aInventi Impact Advanced Nursing Vol: 23 Issue: 1-4, 2023 | ||
| 942 | _cBV | ||
| 999 |
_c357860 _d357860 |
||